[Event "RA May Active"]
[Site "Ottawa CAN"]
[Date "2005.05.29"]
[Round "4"]
[White "Giroux, Dave"]
[Black "Pacey, Kevin"]
[Result "1/2-1/2"]
[WhiteElo "1681"]
[BlackElo "2187"]
[PlyCount "87"]
[GameId "2160767910968111"]
[EventDate "2005.05.29"]
[EventType "swiss (rapid)"]
[EventRounds "4"]
[EventCountry "CAN"]

1. e4 g6 2. d4 Bg7 3. f4 d5 4. e5 c5 5. c3 cxd4 6. cxd4 Nc6 7. Nf3 Bg4 8. Be3 Qb6 9. Nc3 Bxf3 10. gxf3 Rd8 11. Be2 Nh6 12. O-O Nf5 13. Bf2 Nfxd4 14. Kh1 a6 15. Na4 Qa7 16. Rc1 f6 17. Nc5 fxe5 18. Ne6 Bh6 19. Nxd8 Kxd8 20. Rxc6 bxc6 21. fxe5 c5 22. Bxd4 cxd4 23. Bd3 e6 24. Qa4 Ke7 25. Qb4+ Kf7 26. Qd6 Rb8 27. b3 Bf8 28. Qc6 Ba3 29. Kg2 a5 30. f4 Qb7 31. Qxb7+ Rxb7 32. Rf2 Bc1 33. Kg3 Rc7 34. Rc2 Rxc2 35. Bxc2 h6 36. h4 Bd2 37. Kg4 Bc1 38. Bd3 Ba3 39. Bc2 Be7 40. Bd3 h5+ 41. Kg3 Bb4 42. Bc2 Be1+ 43. Kh3 Bf2 44. Bd3 1/2-1/2

[Event "RA Summer Pickup #1"]
[Site "Ottawa CAN"]
[Date "2005.05.05"]
[Round "1"]
[White "Pacey, Kevin"]
[Black "Patterson, Roger"]
[Result "1-0"]
[WhiteElo "2237"]
[BlackElo "2174"]
[PlyCount "35"]
[GameId "2160767910968549"]
[EventDate "2005.05.05"]
[EventType "swiss"]
[EventRounds "6"]
[EventCountry "CAN"]

1. d4 Nf6 2. c4 e6 3. Nf3 b6 4. g3 Bb7 5. Bg2 d5 6. Ne5 Bd6 7. Nc3 O-O 8. O-O c5 9. cxd5 exd5 10. Bg5 Be7 11. dxc5 bxc5 12. Qb3 Nbd7 13. Qxb7 Nxe5 14. Nxd5 Nxd5 15. Bxd5 Rb8 16. Bxe7 Rxb7 17. Bxd8 Rd7 18. Bxf7+ 1-0

[Event "RA Summer Pickup #1"]
[Site "Ottawa CAN"]
[Date "2005.05.12"]
[Round "2"]
[White "Gordon, David"]
[Black "Pacey, Kevin"]
[Result "1/2-1/2"]
[WhiteElo "2103"]
[BlackElo "2237"]
[PlyCount "78"]
[GameId "2160767910968550"]
[EventDate "2005.05.05"]
[EventType "swiss"]
[EventRounds "6"]
[EventCountry "CAN"]

1. d4 e6 2. e4 d5 3. Nd2 Nc6 4. c3 e5 5. dxe5 dxe4 6. Nxe4 Qxd1+ 7. Kxd1 Bg4+ 8. Be2 O-O-O+ 9. Bd2 Nxe5 10. Bxg4+ Nxg4 11. Nh3 N8f6 12. Nxf6 Nxf6 13. Kc2 h6 14. Rad1 g5 15. Be3 Nd5 16. Bd4 Rg8 17. g4 f5 18. f3 Bg7 19. Nf2 fxg4 20. Nxg4 h5 21. Ne3 Bxd4 22. Nxd5 Rxd5 23. Rxd4 Rxd4 24. cxd4 Rf8 25. h4 gxh4 26. Rxh4 Rf5 27. Kd2 Kd7 28. Ke3 Ke6 29. Ke4 Kf6 30. f4 Ke6 31. Rh3 c5 32. Ra3 cxd4 33. Rxa7 Rb5 34. Kxd4 Rxb2 35. Ra5 b5 36. a4 Rb4+ 37. Ke3 Rb3+ 38. Ke4 Rb4+ 39. Ke3 Rb3+ 1/2-1/2

[Event "RA Summer Pickup #1"]
[Site "Ottawa CAN"]
[Date "2005.05.19"]
[Round "3"]
[White "Pacey, Kevin"]
[Black "Yao, Sammy"]
[Result "1-0"]
[WhiteElo "2237"]
[BlackElo "2027"]
[PlyCount "75"]
[GameId "2160767910968551"]
[EventDate "2005.05.05"]
[EventType "swiss"]
[EventRounds "6"]
[EventCountry "CAN"]

1. e4 c5 2. Nf3 e6 3. Nc3 a6 4. g3 Ne7 5. Bg2 Nbc6 6. O-O g6 7. d4 cxd4 8. Nxd4 Bg7 9. Nb3 Qc7 10. Nd5 exd5 11. exd5 d6 12. dxc6 bxc6 13. Bf4 Nd5 14. Bxd5 cxd5 15. Qxd5 Bb7 16. Rfe1+ Be5 17. Bxe5 O-O-O 18. Qc5 Qxc5 19. Nxc5 dxe5 20. Nxb7 Kxb7 21. Rxe5 Rd2 22. Re7+ Kc6 23. Rc1 Rb8 24. b3 Rb7 25. Rxb7 Kxb7 26. Kf1 Kc6 27. Ke1 Rd5 28. Rd1 Re5+ 29. Kd2 Rf5 30. f4 g5 31. fxg5 Rxg5 32. Rf1 Rd5+ 33. Kc3 f5 34. Rf4 Re5 35. Rh4 Re3+ 36. Kc4 Re2 37. Rh6+ Kd7 38. Kd3 1-0

[Event "RA Summer Pickup #1"]
[Site "Ottawa CAN"]
[Date "2005.05.26"]
[Round "4"]
[White "De Kerpel, Stijn"]
[Black "Pacey, Kevin"]
[Result "0-1"]
[WhiteElo "2076"]
[BlackElo "2237"]
[PlyCount "116"]
[GameId "2160767910968552"]
[EventDate "2005.05.05"]
[EventType "swiss"]
[EventRounds "6"]
[EventCountry "CAN"]

1. e4 c6 2. d4 d5 3. Nc3 dxe4 4. Nxe4 Bf5 5. Ng3 Bg6 6. N1e2 h6 7. Nf4 Bh7 8. Be3 Nf6 9. c4 e6 10. a3 Be7 11. Be2 O-O 12. O-O Nbd7 13. Nfh5 Nxh5 14. Nxh5 Nf6 15. Ng3 Qc7 16. Qb3 c5 17. Rac1 b6 18. Rfd1 Rad8 19. Bf3 e5 20. dxe5 Qxe5 21. Ne2 Ne4 22. Bf4 Qf5 23. Rxd8 Bxd8 24. Qa4 Bg5 25. Bxg5 Nxg5 26. Bd5 Qd3 27. Ng3 Qd2 28. Rf1 Qxb2 29. h4 Ne6 30. Qxa7 Bd3 31. Re1 Qc3 32. Re3 Qc1+ 33. Kh2 Bxc4 34. Bxc4 Qxc4 35. Re4 Qc2 36. f3 Nd4 37. Kh3 Qb1 38. a4 Ne6 39. a5 bxa5 40. Qxa5 Qb8 41. Qd2 Rd8 42. Qe3 Rd4 43. Ne2 Rxe4 44. Qxe4 Qb4 45. Qe5 Qe1 46. Qb8+ Kh7 47. Ng3 Qd2 48. Qe8 Nf4+ 49. Kg4 Nxg2 50. Qxf7 Ne3+ 51. Kf4 Nf1+ 52. Kg4 Nxg3 53. Kxg3 Qd3 54. Kf2 c4 55. f4 c3 56. f5 Qd4+ 57. Ke2 Qe4+ 58. Kf1 c2 0-1

[Event "RA Summer Pickup #1"]
[Site "Ottawa CAN"]
[Date "2005.06.02"]
[Round "5"]
[White "Pacey, Kevin"]
[Black "Gordon, David"]
[Result "1/2-1/2"]
[WhiteElo "2239"]
[BlackElo "2098"]
[PlyCount "40"]
[GameId "2160767910968553"]
[EventDate "2005.05.05"]
[EventType "swiss"]
[EventRounds "6"]
[EventCountry "CAN"]

1. e4 c5 2. Nf3 Nc6 3. d4 cxd4 4. Nxd4 Nf6 5. Nc3 e5 6. Ndb5 d6 7. Bg5 a6 8. Na3 b5 9. Bxf6 gxf6 10. Nd5 Bg7 11. Bd3 Ne7 12. Nxe7 Qxe7 13. c4 f5 14. O-O O-O 15. Qe2 bxc4 16. Nxc4 Bb7 17. Rad1 Rad8 18. Na5 fxe4 19. Bxe4 d5 20. Nxb7 Qxb7 1/2-1/2

[Event "RA Summer Pickup #2"]
[Site "Ottawa CAN"]
[Date "2005.06.16"]
[Round "1"]
[White "Patterson, Roger"]
[Black "Pacey, Kevin"]
[Result "1/2-1/2"]
[WhiteElo "2117"]
[BlackElo "2256"]
[PlyCount "106"]
[GameId "2160767910967924"]
[EventDate "2005.06.16"]
[EventType "swiss"]
[EventRounds "6"]
[EventCountry "CAN"]

1. e4 c6 2. d4 d5 3. exd5 cxd5 4. Bd3 Nc6 5. c3 g6 6. h4 Nf6 7. Bf4 Bg7 8. Nd2 O-O 9. Ngf3 Bg4 10. Qb3 Bxf3 11. Nxf3 Qd7 12. O-O Nh5 13. Bh2 Bh6 14. Rfe1 Bf4 15. Bf1 Bxh2+ 16. Nxh2 Rab8 17. Re3 Kg7 18. Rae1 Nf6 19. Bb5 e6 20. Nf3 Ng4 21. Ne5 Ngxe5 22. Rxe5 Qd8 23. Rg5 Ne7 24. Rg4 Ng8 25. Rf4 Nf6 26. g3 h6 27. Bd3 Qd6 28. Qd1 b5 29. a3 a6 30. Rf3 h5 31. Rfe3 Ng4 32. R3e2 a5 33. Qd2 Qb6 34. Qg5 Qd8 35. Qf4 Qf6 36. Qxf6+ Nxf6 37. b4 a4 38. Rc2 Rfc8 39. f3 Ne8 40. Kf2 Nd6 41. Ke3 Kf6 42. Kd2 Rb7 43. Rcc1 Rbc7 44. g4 hxg4 45. fxg4 Rh8 46. Rh1 Kg7 47. g5 Rcc8 48. Rh3 Rh7 49. Rch1 Nc4+ 50. Bxc4 Rxc4 51. h5 gxh5 52. Rxh5 Rxh5 53. Rxh5 Rc8 1/2-1/2

[Event "RA Summer Pickup #2"]
[Site "Ottawa CAN"]
[Date "2005.06.23"]
[Round "2"]
[White "Pacey, Kevin"]
[Black "Barber, Glen"]
[Result "1-0"]
[WhiteElo "2256"]
[BlackElo "2032"]
[PlyCount "105"]
[GameId "2160767910967925"]
[EventDate "2005.06.16"]
[EventType "swiss"]
[EventRounds "6"]
[EventCountry "CAN"]

1. e4 e5 2. Nf3 Nc6 3. Bc4 Bc5 4. b4 Bxb4 5. c3 Ba5 6. d4 exd4 7. O-O Nge7 8. cxd4 d5 9. exd5 Nxd5 10. Ba3 Be6 11. Nbd2 Bb4 12. Bxb4 Ncxb4 13. Qb3 O-O 14. Bxd5 Nxd5 15. Qxb7 Qb8 16. Qb1 Rd8 17. Rc1 Qxb1 18. Raxb1 Nf4 19. Rxc7 Ne2+ 20. Kf1 Nxd4 21. Nxd4 Rxd4 22. Rxa7 Rdd8 23. Rxa8 Rxa8 24. a3 Kf8 25. Ra1 Ra4 26. Ke2 Rh4 27. h3 Bd5 28. f3 Ra4 29. Kd3 Ke7 30. Nb1 Bc4+ 31. Ke3 Ra6 32. Nc3 Rg6 33. Kd4 Be6 34. g4 h5 35. Re1 hxg4 36. hxg4 Rg5 37. Re5 Rxe5 38. Kxe5 f6+ 39. Kd4 Kd6 40. Ne4+ Kc6 41. Ng3 Bd5 42. Ke3 Kb5 43. Nh5 Ka4 44. Nxg7 Kxa3 45. Nh5 f5 46. g5 Bf7 47. Ng3 Kb4 48. Nxf5 Kc5 49. Nh6 Bh5 50. Ke4 Kd6 51. f4 Ke7 52. Ke5 Kf8 53. Kf6 1-0

[Event "RA Summer Pickup #2"]
[Site "Ottawa CAN"]
[Date "2005.06.30"]
[Round "3"]
[White "Barclay, Wayne"]
[Black "Pacey, Kevin"]
[Result "0-1"]
[WhiteElo "2251"]
[BlackElo "2256"]
[PlyCount "120"]
[GameId "2160767910967926"]
[EventDate "2005.06.16"]
[EventType "swiss"]
[EventRounds "6"]
[EventCountry "CAN"]

1. e4 c6 2. d4 d5 3. exd5 cxd5 4. c4 Nf6 5. Nc3 g6 6. Bg5 Ne4 7. Nxe4 dxe4 8. Ne2 Bg7 9. Qd2 Nc6 10. d5 Ne5 11. Nc3 Bf5 12. c5 O-O 13. d6 f6 14. Bf4 Nd3+ 15. Bxd3 exd3 16. O-O e5 17. Bg3 Qa5 18. Qe3 Rac8 19. Nd5 Qxc5 20. Ne7+ Kf7 21. Nxc8 Rxc8 22. Rac1 Qxe3 23. fxe3 Rc2 24. Rxc2 dxc2 25. Kf2 Be4 26. Rc1 Ke6 27. Ke2 Kxd6 28. Be1 Kd5 29. Bb4 Kc4 30. Ba3 b5 31. Kd2 f5 32. g3 a5 33. b3+ Kd5 34. Bb2 Bf8 35. Ke2 Bd6 36. Rf1 g5 37. Bc1 a4 38. Bd2 g4 39. Bc1 Bb4 40. Bd2 Bf3+ 41. Kd3 Be4+ 42. Ke2 Bf3+ 43. Kd3 Bg2 44. Ra1 Be4+ 45. Ke2 Bf3+ 46. Kd3 Bxd2 47. Kxd2 Bd1 48. bxa4 bxa4 49. Kd3 a3 50. Rc1 h5 51. Ra1 f4 52. gxf4 exf4 53. exf4 h4 54. Ke3 g3 55. hxg3 hxg3 56. Rc1 Ke6 57. Ra1 Kf5 58. Rc1 Kg4 59. Ra1 Kh3 60. f5 g2 0-1

[Event "RA Sunday April Active"]
[Site "Ottawa CAN"]
[Date "2005.04.17"]
[Round "1"]
[White "Giroux, Dave"]
[Black "Pacey, Kevin"]
[Result "0-1"]
[WhiteElo "1662"]
[BlackElo "2158"]
[PlyCount "106"]
[GameId "2160767910968733"]
[EventDate "2005.04.17"]
[EventType "swiss (rapid)"]
[EventRounds "4"]
[EventCountry "CAN"]

1. e4 e6 2. d4 d5 3. e5 Bd7 4. Nf3 a6 5. Bd3 Bb5 6. O-O Bxd3 7. Qxd3 Nd7 8. Re1 c5 9. c3 h6 10. Bf4 Ne7 11. Nbd2 Nc6 12. Rac1 c4 13. Qe2 b5 14. Bg3 b4 15. Nh4 Qa5 16. f4 g6 17. f5 gxf5 18. Nxf5 Qxa2 19. Nf3 bxc3 20. Rxc3 Rb8 21. Rc2 Nb4 22. Rd2 Nd3 23. Nd6+ Bxd6 24. exd6 Rxb2 25. Rxb2 Qxb2 26. Qxb2 Nxb2 27. Ra1 Nb8 28. Ne5 f6 29. Ng6 Rg8 30. Nf4 Kd7 31. Nh5 Rxg3 32. hxg3 e5 33. Nxf6+ Kxd6 34. dxe5+ Kxe5 35. Ng4+ Kd4 36. Nxh6 c3 37. Nf5+ Ke5 38. g4 Nc6 39. Rxa6 Nb4 40. Rb6 c2 41. Rxb4 c1=Q+ 42. Kh2 Nc4 43. Nh4 Kf6 44. Nf3 Qf4+ 45. Kg1 Qxg4 46. Ra4 Qg3 47. Ra6+ Ke7 48. Ra7+ Kd6 49. Ra6+ Kc5 50. Ra8 Ne3 51. Ra2 Nxg2 52. Rc2+ Kd6 53. Rxg2 Qxf3 0-1

[Event "RA Sunday April Active"]
[Site "Ottawa CAN"]
[Date "2005.04.17"]
[Round "2"]
[White "Pacey, Kevin"]
[Black "MacNevin, Dave"]
[Result "1-0"]
[WhiteElo "2158"]
[BlackElo "1511"]
[PlyCount "31"]
[GameId "2160767910968734"]
[EventDate "2005.04.17"]
[EventType "swiss (rapid)"]
[EventRounds "4"]
[EventCountry "CAN"]

1. e4 c6 2. d4 d5 3. Nd2 dxe4 4. Nxe4 Nd7 5. Nf3 Ngf6 6. Nxf6+ Nxf6 7. Bc4 Bg4 8. Bxf7+ Kd7 9. Ne5+ Kc8 10. Nxg4 Qa5+ 11. c3 h5 12. Be6+ Kd8 13. Ne5 Rh7 14. Qf3 Kc7 15. Bf4 Nd5 16. Nc4+ 1-0

[Event "RA Sunday April Active"]
[Site "Ottawa CAN"]
[Date "2005.04.17"]
[Round "3"]
[White "Patterson, Roger"]
[Black "Pacey, Kevin"]
[Result "1/2-1/2"]
[WhiteElo "2150"]
[BlackElo "2158"]
[PlyCount "37"]
[GameId "2160767910968735"]
[EventDate "2005.04.17"]
[EventType "swiss (rapid)"]
[EventRounds "4"]
[EventCountry "CAN"]

1. e4 e6 2. d4 d5 3. Nc3 Bb4 4. e5 c5 5. a3 Ba5 6. b4 cxd4 7. Nb5 Bc7 8. f4 Ne7 9. Bd3 Nbc6 10. Nf3 Nf5 11. Bxf5 exf5 12. Nxc7+ Qxc7 13. Bb2 Be6 14. O-O O-O 15. Bxd4 Rac8 16. Rc1 b6 17. c3 Qb7 18. Qd3 Nb8 19. Be3 1/2-1/2

[Event "RA Sunday April Active"]
[Site "Ottawa CAN"]
[Date "2005.04.17"]
[Round "4"]
[White "Pacey, Kevin"]
[Black "Gordon, David"]
[Result "1-0"]
[WhiteElo "2158"]
[BlackElo "2082"]
[PlyCount "71"]
[GameId "2160767910968736"]
[EventDate "2005.04.17"]
[EventType "swiss (rapid)"]
[EventRounds "4"]
[EventCountry "CAN"]

1. b3 e5 2. Bb2 f6 3. e4 Bd6 4. Nf3 Nh6 5. Bc4 Nc6 6. O-O b6 7. Re1 Bb7 8. Nc3 a6 9. Bd5 Qe7 10. a3 O-O-O 11. b4 Nd4 12. Bxb7+ Kxb7 13. Nd5 Nxf3+ 14. Qxf3 Qe6 15. c4 c6 16. Nxb6 Kxb6 17. c5+ Kc7 18. cxd6+ Qxd6 19. Rad1 Qe7 20. d4 d6 21. d5 Rb8 22. Rc1 Rb6 23. Qd3 Rhb8 24. dxc6 Nf7 25. Bc3 Rxc6 26. Bd2 Rbb6 27. Be3 Rb5 28. Rxc6+ Kxc6 29. Qc4+ Kd7 30. Rc1 Nd8 31. Qc8+ Ke8 32. Qxa6 Rb7 33. h3 Rc7 34. Qb5+ Qd7 35. Qxd7+ Kxd7 36. Kf1 1-0

[Event "RA Winter op"]
[Site "Ottawa CAN"]
[Date "2005.01.15"]
[Round "1"]
[White "Yao, Sammy"]
[Black "Pacey, Kevin"]
[Result "1/2-1/2"]
[WhiteElo "1871"]
[BlackElo "2257"]
[PlyCount "108"]
[GameId "2160767911031580"]
[EventDate "2005.01.15"]
[EventType "swiss"]
[EventRounds "5"]
[EventCountry "CAN"]

1. e4 Nc6 2. Nf3 d6 3. d4 Nf6 4. Nc3 Bg4 5. Be2 e6 6. h3 Bh5 7. Bg5 Be7 8. Qd2 h6 9. Bxf6 Bxf6 10. g4 Bg6 11. h4 Qd7 12. O-O-O a6 13. g5 Be7 14. h5 Bh7 15. gxh6 gxh6 16. Qxh6 O-O-O 17. Qd2 Rdg8 18. Rdg1 Rxg1+ 19. Rxg1 Bf8 20. d5 Nd8 21. Nd4 Kb8 22. Kb1 e5 23. Bg4 Qe7 24. Nf5 Bxf5 25. exf5 Bh6 26. Qd3 Rg8 27. Ne4 f6 28. c4 b6 29. c5 dxc5 30. Qxa6 Bf4 31. f3 Nb7 32. Rd1 Rd8 33. Rd3 Qf7 34. Ra3 Na5 35. d6 Qc4 36. Qxc4 Nxc4 37. Rd3 Nxd6 38. Nxf6 Kb7 39. Ne4 Kc6 40. f6 Rf8 41. Be6 Nxe4 42. Bd5+ Kb5 43. Bxe4 Rxf6 44. Rd7 c6 45. b3 c4 46. Kc2 cxb3+ 47. axb3 Kb4 48. Ra7 b5 49. Rg7 c5 50. Rg6 Rxg6 51. hxg6 Bh6 52. Bd5 c4 53. bxc4 bxc4 54. Be4 Bf8 1/2-1/2

[Event "RA Winter op"]
[Site "Ottawa CAN"]
[Date "2005.01.15"]
[Round "2"]
[White "Pacey, Kevin"]
[Black "Brown, Gabriel"]
[Result "1-0"]
[WhiteElo "2257"]
[BlackElo "1723"]
[PlyCount "43"]
[GameId "2160767911031581"]
[EventDate "2005.01.15"]
[EventType "swiss"]
[EventRounds "5"]
[EventCountry "CAN"]

1. d4 Nf6 2. c4 g6 3. Nc3 d5 4. Nf3 Bg7 5. e3 O-O 6. Be2 Bf5 7. Qb3 dxc4 8. Qxb7 Nbd7 9. Bxc4 Nb6 10. Be2 a6 11. Qc6 Nfd7 12. O-O Re8 13. Rd1 e6 14. Ne5 Bxe5 15. dxe5 Nxe5 16. Rxd8 Nxc6 17. Rxa8 Rxa8 18. e4 Bxe4 19. Nxe4 Nd4 20. Kf1 Rd8 21. Bg5 Rd5 22. Nf6+ 1-0

[Event "RA Winter op"]
[Site "Ottawa CAN"]
[Date "2005.01.15"]
[Round "3"]
[White "Yuan, Michael"]
[Black "Pacey, Kevin"]
[Result "1/2-1/2"]
[WhiteElo "2060"]
[BlackElo "2257"]
[PlyCount "21"]
[GameId "2160767911031582"]
[EventDate "2005.01.15"]
[EventType "swiss"]
[EventRounds "5"]
[EventCountry "CAN"]

1. e4 e6 2. d4 d5 3. Nc3 Bb4 4. e5 Ne7 5. Nf3 c5 6. Bd2 Nbc6 7. Nb5 Bxd2+ 8. Qxd2 cxd4 9. Nd6+ Kf8 10. Qf4 Nf5 11. Nxf5 1/2-1/2

[Event "RA Winter op"]
[Site "Ottawa CAN"]
[Date "2005.01.16"]
[Round "4"]
[White "Pacey, Kevin"]
[Black "Doubleday, William"]
[Result "1/2-1/2"]
[WhiteElo "2257"]
[BlackElo "2058"]
[PlyCount "57"]
[GameId "2160767911031583"]
[EventDate "2005.01.15"]
[EventType "swiss"]
[EventRounds "5"]
[EventCountry "CAN"]

1. e4 c5 2. Nf3 Nc6 3. Bb5 d6 4. O-O Nf6 5. Re1 Bd7 6. c3 a6 7. Bf1 e5 8. h3 Be7 9. d4 cxd4 10. cxd4 O-O 11. Nc3 h6 12. b3 Re8 13. Bb2 Qc7 14. dxe5 Nxe5 15. Nd4 Rad8 16. Nc2 Bc6 17. Nb4 Bf8 18. Nxc6 Nxc6 19. Rc1 Qa5 20. a3 d5 21. b4 Qc7 22. Nxd5 Nxd5 23. exd5 Rxe1 24. Qxe1 Rxd5 25. Bc4 Rd8 26. Qe3 Qd7 27. Bc3 Nd4 28. Kh1 Nb5 29. Bxb5 1/2-1/2

[Event "RA Winter op"]
[Site "Ottawa CAN"]
[Date "2005.01.16"]
[Round "5"]
[White "Barber, Glen"]
[Black "Pacey, Kevin"]
[Result "1/2-1/2"]
[WhiteElo "2029"]
[BlackElo "2257"]
[PlyCount "65"]
[GameId "2160767911031584"]
[EventDate "2005.01.15"]
[EventType "swiss"]
[EventRounds "5"]
[EventCountry "CAN"]

1. d4 d5 2. c4 e6 3. Nf3 Nf6 4. Bg5 Be7 5. e3 O-O 6. Nbd2 Nbd7 7. Rc1 c5 8. Bxf6 Bxf6 9. cxd5 exd5 10. Be2 Qb6 11. dxc5 Nxc5 12. Nd4 Bxd4 13. exd4 Ne6 14. Nb3 a5 15. Qd2 Qb4 16. Rd1 Nf4 17. O-O Nxe2+ 18. Qxe2 a4 19. Qd2 Qb5 20. Nc5 b6 21. Nd3 Bf5 22. Nb4 a3 23. Rc1 axb2 24. Qxb2 Rfc8 25. Qb3 Be6 26. Nc6 Qxb3 27. axb3 Kf8 28. h3 Ra3 29. b4 Rb3 30. Rfe1 Bd7 31. Ne5 Be6 32. Nc6 Bd7 33. Ne5 1/2-1/2

[Event "RACC ch"]
[Site "Ottawa CAN"]
[Date "2005.01.06"]
[Round "1"]
[White "Solki, Shahin"]
[Black "Pacey, Kevin"]
[Result "0-1"]
[WhiteElo "1779"]
[BlackElo "2257"]
[PlyCount "112"]
[GameId "2160767911031726"]
[EventDate "2005.01.06"]
[EventType "swiss"]
[EventRounds "7"]
[EventCountry "CAN"]

1. d4 Nf6 2. Nc3 g6 3. e4 d6 4. f3 c6 5. Be3 Qb6 6. Qc1 Bg7 7. e5 Nd5 8. Nxd5 cxd5 9. exd6 Qxd6 10. Bd3 O-O 11. Ne2 Nc6 12. c3 e5 13. O-O exd4 14. Nxd4 Nxd4 15. Bxd4 Bxd4+ 16. cxd4 Qb4 17. Qc3 Qxc3 18. bxc3 Be6 19. f4 Rfc8 20. Rac1 f5 21. Rfe1 Kf7 22. Re2 Rc6 23. Rb2 Rb8 24. Kf2 Rc7 25. Ke1 h6 26. Kd2 Kf6 27. a4 Rg8 28. a5 g5 29. fxg5+ hxg5 30. Rcb1 Rgg7 31. h3 f4 32. Rf1 Ke7 33. Rbb1 Kd6 34. Rbe1 Rcf7 35. Rh1 Rf6 36. Re5 Rh6 37. Bf5 Bxf5 38. Rxf5 Re6 39. Re1 Re4 40. Re5 Rxe1 41. Kxe1 Re7 42. Rxe7 Kxe7 43. Ke2 a6 44. Kd3 b6 45. axb6 Kd6 46. c4 dxc4+ 47. Kxc4 Kc6 48. Kb4 Kxb6 49. d5 a5+ 50. Kc4 Kc7 51. Kc5 Kd7 52. d6 a4 53. Kb4 Kxd6 54. Kxa4 Kc5 55. Kb3 Kd4 56. Kc2 Ke3 0-1

[Event "RACC ch"]
[Site "Ottawa CAN"]
[Date "2005.01.13"]
[Round "2"]
[White "Pacey, Kevin"]
[Black "Yao, Sammy"]
[Result "0-1"]
[WhiteElo "2257"]
[BlackElo "1871"]
[PlyCount "50"]
[GameId "2160767911031727"]
[EventDate "2005.01.06"]
[EventType "swiss"]
[EventRounds "7"]
[EventCountry "CAN"]

1. d4 Nf6 2. c4 g6 3. Nc3 Bg7 4. Nf3 d6 5. g3 O-O 6. Bg2 Nbd7 7. O-O e5 8. e4 exd4 9. Nxd4 Re8 10. h3 a6 11. Be3 Rb8 12. Rc1 c5 13. Nc2 Ne5 14. b3 b5 15. f4 Ned7 16. Qxd6 b4 17. Na4 Nxe4 18. Bxe4 Rxe4 19. Nxc5 Rxe3 20. Nxd7 Rxg3+ 21. Kf2 Qh4 22. Qxb8 Rxh3+ 23. Ke2 Qg4+ 24. Kf2 Rh2+ 25. Ke3 Qe2# 0-1

[Event "RACC ch"]
[Site "Ottawa CAN"]
[Date "2005.01.20"]
[Round "3"]
[White "Kosmin, Walter"]
[Black "Pacey, Kevin"]
[Result "0-1"]
[WhiteElo "1672"]
[BlackElo "2257"]
[PlyCount "136"]
[GameId "2160767911031728"]
[EventDate "2005.01.06"]
[EventType "swiss"]
[EventRounds "7"]
[EventCountry "CAN"]

1. b4 e5 2. Bb2 Bxb4 3. Bxe5 Nf6 4. Nf3 Nc6 5. Bb2 d5 6. e3 O-O 7. a3 Be7 8. h3 Re8 9. Be2 Ne4 10. d3 Bf6 11. Qc1 Bxb2 12. Qxb2 Qf6 13. Qxf6 Nxf6 14. Nbd2 b6 15. c4 Bb7 16. O-O Na5 17. cxd5 Nxd5 18. Rfc1 c5 19. Bf1 f5 20. d4 cxd4 21. Nxd4 g6 22. Nc4 Nxc4 23. Bxc4 Re7 24. Ne2 Kg7 25. Rd1 Nc7 26. Nd4 Rae8 27. Rac1 Kf6 28. Bf1 Rd7 29. Nb5 Rxd1 30. Rxd1 Nxb5 31. Bxb5 Re7 32. Kf1 Rc7 33. f3 a6 34. Be2 b5 35. g4 Ke6 36. gxf5+ gxf5 37. Kf2 Rc2 38. Ke1 Rc3 39. Kf2 Rxa3 40. Rd8 Rc3 41. Rh8 Rc7 42. Rf8 b4 43. Bd3 Rc5 44. Rh8 Rc3 45. Rxh7 Rxd3 46. Rxb7 a5 47. h4 b3 48. h5 a4 49. h6 Rd2+ 50. Kg3 Rd7 51. Rb4 Ra7 52. h7 Rxh7 53. Rxa4 Rb7 54. Ra1 Kd5 55. Kf4 Rf7 56. Ra4 Kc5 57. Ra8 Rb7 58. Rc8+ Kb4 59. Rc1 b2 60. Rb1 Kc3 61. Kxf5 Kc2 62. Rh1 b1=Q 63. Rxb1 Rxb1 64. e4 Kd3 65. e5 Kd4 66. e6 Kd5 67. Kf6 Re1 68. e7 Kd6 0-1

[Event "RACC ch"]
[Site "Ottawa CAN"]
[Date "2005.01.27"]
[Round "4"]
[White "Pacey, Kevin"]
[Black "Ritchie, Gordon"]
[Result "1-0"]
[WhiteElo "2257"]
[BlackElo "1781"]
[PlyCount "99"]
[GameId "2160767911031729"]
[EventDate "2005.01.06"]
[EventType "swiss"]
[EventRounds "7"]
[EventCountry "CAN"]

1. d4 Nf6 2. c4 g6 3. Nc3 Bg7 4. e4 d6 5. Be2 O-O 6. Bg5 c5 7. dxc5 dxc5 8. Qxd8 Rxd8 9. e5 Nfd7 10. e6 fxe6 11. Bxe7 Re8 12. Bg5 Nc6 13. Nf3 Nd4 14. Nxd4 cxd4 15. Ne4 h6 16. Nd6 hxg5 17. Nxe8 Be5 18. c5 Nxc5 19. Rc1 b6 20. b4 Bf4 21. Rd1 Nd7 22. Rxd4 Be5 23. Rd1 Bc3+ 24. Kf1 Bxb4 25. Nc7 Rb8 26. Nxe6 Be7 27. Nc7 Nf6 28. Bc4+ Kg7 29. Ne6+ Kh6 30. Rd3 b5 31. Bb3 Rb6 32. Rh3+ Nh5 33. g4 Bxe6 34. Bxe6 Rxe6 35. gxh5 gxh5 36. Re3 Rxe3 37. fxe3 b4 38. Ke2 g4 39. h3 g3 40. h4 a5 41. Kf3 Bd6 42. Rd1 Bc7 43. Rd7 Be5 44. Ra7 Bc3 45. Kxg3 Be1+ 46. Kh3 Bf2 47. Ra6+ Kh7 48. e4 Be1 49. Rxa5 b3 50. Rxh5+ 1-0

[Event "RACC ch"]
[Site "Ottawa CAN"]
[Date "2005.02.03"]
[Round "5"]
[White "Danilov, Alex"]
[Black "Pacey, Kevin"]
[Result "1-0"]
[WhiteElo "1920"]
[BlackElo "2257"]
[PlyCount "73"]
[GameId "2160767911031730"]
[EventDate "2005.01.06"]
[EventType "swiss"]
[EventRounds "7"]
[EventCountry "CAN"]

1. d4 Nf6 2. Nf3 e6 3. Bf4 b6 4. e3 Bb7 5. Bd3 c5 6. c3 Nc6 7. Nbd2 Be7 8. h3 O-O 9. O-O d6 10. a3 h6 11. Rc1 Qd7 12. Qe2 Rad8 13. Rfd1 Qc8 14. e4 d5 15. e5 Nh7 16. Nh2 Rfe8 17. Qh5 Qd7 18. Ng4 Bf8 19. Bxh7+ Kxh7 20. Bxh6 Kg8 21. Nf6+ gxf6 22. Bxf8 fxe5 23. Bh6 f5 24. Qg6+ Kh8 25. Bg5 Rf8 26. Bf6+ Rxf6 27. Qxf6+ Qg7 28. Qxe6 cxd4 29. Qxf5 Rd6 30. Nf1 Ba6 31. Ng3 Rg6 32. cxd4 Nxd4 33. Qh5+ Rh6 34. Qe8+ Kh7 35. Rxd4 exd4 36. Nf5 Qb7 37. Re1 1-0

[Event "RACC ch"]
[Site "Ottawa CAN"]
[Date "2005.02.10"]
[Round "6"]
[White "Pacey, Kevin"]
[Black "Szalay, Karoly"]
[Result "1-0"]
[WhiteElo "2257"]
[BlackElo "1758"]
[PlyCount "105"]
[GameId "2160767911031731"]
[EventDate "2005.01.06"]
[EventType "swiss"]
[EventRounds "7"]
[EventCountry "CAN"]

1. e4 e5 2. Nf3 Nc6 3. Bc4 Bc5 4. b4 Bxb4 5. c3 Ba5 6. d4 exd4 7. O-O d3 8. Qb3 Qe7 9. Ba3 d6 10. e5 Nxe5 11. Nxe5 Qxe5 12. Bxf7+ Kf8 13. Bxg8 Rxg8 14. Bb2 b6 15. Qc4 Bf5 16. Qxc7 Qe7 17. Qc4 Rc8 18. Qf4 Qe5 19. Qf3 Qe4 20. Qg3 Qd5 21. Re1 Kf7 22. Nd2 Bxc3 23. Bxc3 Rxc3 24. Qe3 Rgc8 25. Qe7+ Kg8 26. Qxa7 Rc2 27. Qa4 Bg6 28. Qd7 Rf8 29. Rad1 Qxa2 30. Qe6+ Kh8 31. Qxa2 Rxa2 32. Re6 Rfa8 33. f3 Kg8 34. Rxd6 b5 35. Ne4 Bxe4 36. fxe4 Re8 37. Rd4 d2 38. Kf2 Kf7 39. Ke3 Rea8 40. R1xd2 Rxd2 41. Rxd2 Ke6 42. Rb2 Rb8 43. Rb4 g5 44. Kd4 h6 45. g3 Kd6 46. e5+ Kc6 47. Ke4 Rf8 48. Rb2 Kc5 49. Rc2+ Kb4 50. e6 Kb3 51. Rc5 b4 52. Ke5 Rf2 53. Kd6 1-0